000 01028cab a22002055a 4500
001 L145271
008 080923e20080920xxkdo f s 000 0 eng d
035 _a(Sirsi) u145271
041 0 _aeng
100 1 _aBarnard, Lucy
245 0 0 _aHave we ever had it so bad?
260 _c2008
490 _aEstates Gazette
_v(0837) 20 September 2008, 62-65(4)
520 _aArticle looks at comparisons between the current economic downturn and previous recessions by exploring coverage of previous periods of financial instability in the property press. Contributors suggest that while market conditions are tough and there are similarities with the recession of the 1990s, factors such as increasing securitisation of the market make this recession different from its predecessors. Points out some factors to support cautious optimism, including steady tenant demand for property.
590 _aKA
651 4 _aUnited Kingdom
_y
690 _aPROPERTY-PROPERTY FINANCE AND INVESTMENT
700 1 _aMcCormick, Helen
942 _n0
999 _c80754
_d80754